00338nam a2200145Ia 4500008004200000041000800042082001500050100001600065245002600081250000900107260004200116300000900158440000600167650001900173240829s19981 xx 000 0 und d aeng a615.53 SHA aSHARMA P.V. aCHARAKA SAMHITA VOL.1 aN.D. aVARANSIbCHAUKHAMBA ORIENTALIAc19981 a544p v1 aCHARAKASAMHITA